Normal view MARC view
  • Chopra, Prof. R. P. & Prof S.K.

Entry Personal Name

Number of records used in: 1

001 - CONTROL NUMBER

  • control field: 1927

003 - CONTROL NUMBER IDENTIFIER

  • control field: OSt

005 - DATE AND TIME OF LATEST TRANSACTION

  • control field: 20160614160149.0

008 - FIXED-LENGTH DATA ELEMENTS

  • fixed length control field: 160614|| aca||aabn | a|a d

040 ## - CATALOGING SOURCE

  • Original cataloging agency: OSt
  • Transcribing agency: OSt

100 ## - HEADING--PERSONAL NAME

  • Personal name: Chopra, Prof. R. P. & Prof S.K.

670 ## - SOURCE DATA FOUND

  • Source citation: Work cat.: (OSt): Chopra, Prof. R. P. & Prof S.K., Comdex MBA (Mgt. Entrance Examinations), 2003